[Event "Vellmar Int.6th op A"]
[Site "Kassel"]
[Date "2014.08.03"]
[Round "7.4"]
[White "Kolthoff, Siegmund"]
[Black "Hilverda, Alexander"]
[Result "0-1"]
[WhiteElo "2064"]
[BlackElo "2301"]
[PlyCount "36"]
[EventDate "2014.07.31"]
[EventType "swiss"]
[EventRounds "7"]
[EventCountry "GER"]

1. d4 g6 2. e4 Bg7 3. Nf3 d6 4. Nc3 a6 5. Be2 Nf6 6. O-O O-O 7. Re1 b5 8. e5
dxe5 9. dxe5 Ng4 10. Bf4 Nd7 11. Qd5 Ra7 12. Rad1 e6 13. Qc6 Qe7 14. Bf1 Nb8
15. Qe4 Bb7 16. Qd4 Bxf3 17. Qxa7 Bxd1 18. Nxd1 Qb4 0-1

[Event "Vellmar Int.6th op A"]
[Site "Kassel"]
[Date "2014.08.03"]
[Round "7.5"]
[White "Werner, Martin"]
[Black "Berresheim, Helmut"]
[Result "1/2-1/2"]
[WhiteElo "1978"]
[BlackElo "2116"]
[PlyCount "31"]
[EventDate "2014.07.31"]
[EventType "swiss"]
[EventRounds "7"]
[EventCountry "GER"]

1. d4 d5 2. c4 c6 3. Nf3 Nf6 4. Qc2 e6 5. g3 Nbd7 6. Bg2 Bd6 7. O-O O-O 8. Rd1
h6 9. b3 Qc7 10. Bb2 b6 11. Nc3 Bb7 12. Rac1 a6 13. e4 Nxe4 14. Nxe4 dxe4 15.
Qxe4 Rad8 16. Qe2 1/2-1/2

[Event "Vellmar Int.6th op A"]
[Site "Kassel"]
[Date "2014.08.03"]
[Round "7.6"]
[White "Bleecke, Sebastian"]
[Black "Humburg, Philipp"]
[Result "0-1"]
[WhiteElo "1873"]
[BlackElo "2087"]
[PlyCount "84"]
[EventDate "2014.07.31"]
[EventType "swiss"]
[EventRounds "7"]
[EventCountry "GER"]

1. e4 c5 2. Nf3 Nc6 3. d4 cxd4 4. Nxd4 Nf6 5. Nc3 d6 6. Bg5 e6 7. Qd2 a6 8.
O-O-O Bd7 9. f4 h6 10. Bxf6 Qxf6 11. Nf3 O-O-O 12. Kb1 Kb8 13. Qe3 Bc8 14. g3
Qe7 15. Nd4 Qc7 16. Nxc6+ Qxc6 17. Bg2 Be7 18. Rd2 Qc5 19. Qxc5 dxc5 20. Rhd1
Kc7 21. e5 Rxd2 22. Rxd2 Rd8 23. Ne4 Rxd2 24. Nxd2 b5 25. c4 f6 26. exf6 gxf6
27. b3 f5 28. Kc2 Bf6 29. Kd3 b4 30. h3 e5 31. fxe5 Bxe5 32. Nf1 Kd6 33. Bd5
Bd7 34. Ke2 a5 35. Kf3 a4 36. g4 fxg4+ 37. hxg4 Bb2 38. Ng3 Ke5 39. Ne2 a3 40.
Be4 Bxg4+ 41. Kxg4 Kxe4 42. Nf4 Bd4 0-1

[Event "Vellmar Int.6th op A"]
[Site "Kassel"]
[Date "2014.08.03"]
[Round "7.7"]
[White "Stabernack, Joschi"]
[Black "Maar, Samuel"]
[Result "1/2-1/2"]
[WhiteElo "2084"]
[BlackElo "1775"]
[PlyCount "53"]
[EventDate "2014.07.31"]
[EventType "swiss"]
[EventRounds "7"]
[EventCountry "GER"]

1. e4 e5 2. Nf3 d6 3. d4 exd4 4. Nxd4 Nf6 5. Nc3 Be7 6. g3 O-O 7. Bg2 Bd7 8.
O-O Qc8 9. Re1 Nc6 10. Nxc6 Bxc6 11. Nd5 Bd8 12. c4 Re8 13. Bd2 Bd7 14. Bc3 Ng4
15. h3 Ne5 16. f4 c6 17. fxe5 cxd5 18. cxd5 dxe5 19. Rf1 f6 20. Kh2 Bb5 21. Rf2
Qc4 22. Bf1 Qc5 23. Rc2 Bb6 24. Bxb5 Qxb5 25. a4 Qc4 26. Qe2 Rac8 27. Kg2
1/2-1/2

[Event "Vellmar Int.6th op A"]
[Site "Kassel"]
[Date "2014.08.03"]
[Round "7.9"]
[White "Hylkema, Remco"]
[Black "Tschoepe, Nino"]
[Result "1-0"]
[WhiteElo "1998"]
[BlackElo "1897"]
[PlyCount "71"]
[EventDate "2014.07.31"]
[EventType "swiss"]
[EventRounds "7"]
[EventCountry "GER"]

1. d4 Nf6 2. c4 e6 3. Nf3 Nc6 4. a3 d6 5. Nc3 g6 6. e4 Bg7 7. h3 O-O 8. Be2 Re8
9. Be3 e5 10. d5 Nd4 11. O-O Nxe2+ 12. Qxe2 Nh5 13. Rac1 Nf4 14. Bxf4 exf4 15.
Nd2 Qg5 16. Kh1 Qh6 17. f3 Re5 18. Nb5 Rh5 19. Rf2 c6 20. Nxd6 Bd4 21. Nxc8
Bxf2 22. Ne7+ Kf8 23. Qxf2 Kxe7 24. Qc5+ Ke8 25. Qd6 Rd8 26. Qc7 Rd7 27. Qb8+
Ke7 28. Qxa7 Qg7 29. Qc5+ Ke8 30. Rc3 Qe5 31. Qb6 f5 32. Rc1 cxd5 33. cxd5 fxe4
34. Nxe4 Kf7 35. Rd1 g5 36. Qe6+ 1-0

[Event "Vellmar Int.6th op A"]
[Site "Kassel"]
[Date "2014.08.03"]
[Round "7.10"]
[White "Heinelt, Manfred"]
[Black "Prieto, Marcelo"]
[Result "1-0"]
[WhiteElo "2201"]
[BlackElo "2010"]
[PlyCount "79"]
[EventDate "2014.07.31"]
[EventType "swiss"]
[EventRounds "7"]
[EventCountry "GER"]

1. d4 Nf6 2. c4 g6 3. Nc3 d5 4. cxd5 Nxd5 5. e4 Nxc3 6. bxc3 Bg7 7. Nf3 c5 8.
Be2 Qa5 9. Bd2 O-O 10. O-O Nd7 11. Qc2 a6 12. Rab1 Qc7 13. Qc1 e5 14. d5 Nf6
15. Bd3 c4 16. Bc2 b5 17. Ne1 Nh5 18. Qd1 Qd6 19. a4 Bd7 20. Ra1 Nf4 21. g3
Nh3+ 22. Kg2 h5 23. Be3 f5 24. Bc1 fxe4 25. Ba3 Qf6 26. Bxf8 Rxf8 27. Qe2 Bg4
28. f3 exf3+ 29. Nxf3 Ng5 30. Nxg5 Bxe2 31. Rxf6 Rxf6 32. axb5 Bh6 33. h4 axb5
34. Ra8+ Bf8 35. Be4 Bf1+ 36. Kg1 Bd3 37. Bxd3 cxd3 38. Ne4 Rf3 39. d6 Rf7 40.
d7 1-0

[Event "Vellmar Int.6th op A"]
[Site "Kassel"]
[Date "2014.08.03"]
[Round "7.11"]
[White "Hartge, Gedeon"]
[Black "Braun, Ingram"]
[Result "1/2-1/2"]
[WhiteElo "1818"]
[BlackElo "2012"]
[PlyCount "61"]
[EventDate "2014.07.31"]
[EventType "swiss"]
[EventRounds "7"]
[EventCountry "GER"]

1. d4 c5 2. d5 d6 3. c4 e5 4. Nc3 Be7 5. e4 Nf6 6. Bd3 O-O 7. Nge2 Ne8 8. Be3
Bg5 9. Bxg5 Qxg5 10. Ng3 Nd7 11. Qd2 Qxd2+ 12. Kxd2 g6 13. f3 Ndf6 14. a3 Bd7
15. Rhe1 Nc7 16. Rab1 Rfb8 17. b4 b6 18. Nge2 Kf8 19. bxc5 bxc5 20. Rxb8+ Rxb8
21. Rb1 Rb6 22. Rxb6 axb6 23. Nb5 Nfe8 24. a4 Ke7 25. Nec3 Na6 26. Ke3 f6 27.
g3 Nac7 28. f4 Na6 29. Na2 Kf7 30. Kf3 Ke7 31. Be2 1/2-1/2

[Event "Vellmar Int.6th op A"]
[Site "Kassel"]
[Date "2014.08.03"]
[Round "7.12"]
[White "Masius, Patrick"]
[Black "Doescher, Thorsten"]
[Result "0-1"]
[WhiteElo "1804"]
[BlackElo "2038"]
[PlyCount "64"]
[EventDate "2014.07.31"]
[EventType "swiss"]
[EventRounds "7"]
[EventCountry "GER"]

1. e4 c6 2. d4 d5 3. Nd2 dxe4 4. Nxe4 Bf5 5. Ng3 Bg6 6. h4 h6 7. Nf3 Nd7 8. h5
Bh7 9. Bd3 Bxd3 10. Qxd3 Ngf6 11. Be3 e6 12. c4 Bb4+ 13. Kf1 Bd6 14. Ne2 c5 15.
Rd1 Qc7 16. dxc5 Bxc5 17. Ned4 O-O 18. Rh4 Rad8 19. Qe2 Rfe8 20. Nb5 Qb8 21. g4
a6 22. Nc3 Bxe3 23. Qxe3 Nh7 24. g5 Nxg5 25. Nxg5 hxg5 26. Qxg5 Qe5 27. Qg2 Nf6
28. Rxd8 Rxd8 29. h6 g5 30. Rh3 Qf4 31. Qxb7 Ng4 32. Qf3 Nh2+ 0-1

[Event "Vellmar Int.6th op A"]
[Site "Kassel"]
[Date "2014.08.03"]
[Round "7.13"]
[White "Schlachowitsch, Markus"]
[Black "Becker, Robin"]
[Result "1/2-1/2"]
[WhiteElo "2007"]
[BlackElo "1897"]
[PlyCount "42"]
[EventDate "2014.07.31"]
[EventType "swiss"]
[EventRounds "7"]
[EventCountry "GER"]

1. e4 c5 2. Nf3 e6 3. d4 cxd4 4. Nxd4 Nc6 5. Be3 Nf6 6. Nc3 Bb4 7. Bd3 d5 8.
exd5 Nxd5 9. Nxc6 bxc6 10. Bd2 O-O 11. Ne4 Bxd2+ 12. Qxd2 Qb6 13. c3 Ba6 14. b3
Rfd8 15. Bxa6 Qxa6 16. c4 Ne7 17. Qc3 Qa3 18. O-O a5 19. Ng3 Qb4 20. Qf3 c5 21.
Rad1 Qb6 1/2-1/2

[Event "Vellmar Int.6th op A"]
[Site "Kassel"]
[Date "2014.08.03"]
[Round "7.14"]
[White "Fichte, Wolfgang"]
[Black "Kretzschmar, Arnd"]
[Result "1-0"]
[WhiteElo "1959"]
[BlackElo "1860"]
[PlyCount "75"]
[EventDate "2014.07.31"]
[EventType "swiss"]
[EventRounds "7"]
[EventCountry "GER"]

1. b4 d5 2. Bb2 Nf6 3. e3 e6 4. b5 Bd6 5. Nf3 O-O 6. Be2 c6 7. a4 Nbd7 8. d4
Re8 9. O-O e5 10. dxe5 Nxe5 11. Nbd2 Qc7 12. Nxe5 Bxe5 13. Bxe5 Qxe5 14. Nf3
Qc7 15. c4 dxc4 16. Bxc4 Bg4 17. bxc6 Rad8 18. Qe2 bxc6 19. Rfc1 Rd6 20. Rc2
Red8 21. h3 Bh5 22. Rac1 Qd7 23. Ne5 Qf5 24. Bxf7+ Bxf7 25. Nxc6 R8d7 26. Qa6
Rd1+ 27. Kh2 Qd5 28. e4 Qd3 29. Qc8+ Be8 30. Rxd1 Qxd1 31. e5 Kf8 32. Nb8 Rd8
33. Qc5+ Kg8 34. exf6 Qd6+ 35. Qxd6 Rxd6 36. Rc8 Kf7 37. fxg7 Rg6 38. Rc7+ 1-0

[Event "Vellmar Int.6th op A"]
[Site "Kassel"]
[Date "2014.08.03"]
[Round "7.15"]
[White "Kanbach, Mike"]
[Black "Tietze, Manfred"]
[Result "1-0"]
[WhiteElo "1859"]
[BlackElo "1914"]
[PlyCount "71"]
[EventDate "2014.07.31"]
[EventType "swiss"]
[EventRounds "7"]
[EventCountry "GER"]

1. d4 Nf6 2. Nf3 e6 3. e3 b6 4. Bd3 Bb7 5. Nbd2 Be7 6. O-O O-O 7. Qe2 d5 8. e4
dxe4 9. Nxe4 Nbd7 10. c3 Rc8 11. Ne5 c5 12. Bd2 cxd4 13. cxd4 Nxe5 14. Nxf6+
Bxf6 15. dxe5 Bxe5 16. Qxe5 Qxd3 17. Bc3 Qg6 18. Qg3 Qxg3 19. hxg3 Rfd8 20.
Rfd1 Bd5 21. Rac1 Rc6 22. Rd4 f6 23. Re1 Kf7 24. Red1 Rdc8 25. g4 R8c7 26. a3
a5 27. f3 Ke7 28. g5 fxg5 29. Rg4 g6 30. Rxg5 Bb3 31. Rd4 Rc5 32. Rgg4 Bc2 33.
Rd2 Bf5 34. Rgd4 h5 35. Rd6 R7c6 36. Rd7+ 1-0

[Event "Vellmar Int.6th op A"]
[Site "Kassel"]
[Date "2014.08.03"]
[Round "7.16"]
[White "Schnegelsberg, Karl Heinz"]
[Black "Weber, Andreas"]
[Result "1-0"]
[WhiteElo "2007"]
[BlackElo "1835"]
[PlyCount "73"]
[EventDate "2014.07.31"]
[EventType "swiss"]
[EventRounds "7"]
[EventCountry "GER"]

1. Nf3 d5 2. g3 c5 3. Bg2 Nc6 4. d4 e6 5. O-O Nf6 6. c4 Be7 7. dxc5 Bxc5 8. Bf4
O-O 9. Nc3 Nh5 10. cxd5 Nxf4 11. gxf4 Ne7 12. Ne4 Qb6 13. d6 Nd5 14. Rc1 Ne3
15. fxe3 Bxe3+ 16. Kh1 Bxc1 17. Qxc1 f5 18. Nc5 Qxd6 19. Rd1 Qe7 20. Ne5 b6 21.
Ncd7 Ba6 22. Nxf8 Rxf8 23. Rd7 Qh4 24. Bf3 Rc8 25. Qg1 Qf6 26. Rxa7 Bb5 27. Rf7
Qh6 28. Rb7 Qf6 29. Rxb6 Be8 30. Rb7 Bg6 31. Qg5 Qxg5 32. fxg5 Be8 33. Kg2 Rc5
34. Nd3 Ra5 35. h4 e5 36. b4 Rxa2 37. Bd5+ 1-0

[Event "Vellmar Int.6th op A"]
[Site "Kassel"]
[Date "2014.08.03"]
[Round "7.17"]
[White "Herdzik, Matthias"]
[Black "Miethe, Christoph"]
[Result "1/2-1/2"]
[WhiteElo "1859"]
[BlackElo "1874"]
[PlyCount "67"]
[EventDate "2014.07.31"]
[EventType "swiss"]
[EventRounds "7"]
[EventCountry "GER"]

1. e4 e5 2. Nf3 d6 3. d4 exd4 4. Nxd4 Nf6 5. Nc3 Be7 6. Bc4 Bd7 7. O-O O-O 8.
Re1 Nc6 9. Be3 Ng4 10. Nxc6 bxc6 11. Bd2 Ne5 12. Bb3 Bh4 13. Re2 Bg4 14. f3
Nxf3+ 15. gxf3 Bxf3 16. Qf1 Bxe2 17. Qxe2 Bg5 18. Rf1 Bxd2 19. Qxd2 Rb8 20. Qf2
Qd7 21. Kh1 Rbe8 22. Rg1 a5 23. Nd1 g6 24. Qf4 d5 25. Nf2 f5 26. exd5 cxd5 27.
Qd4 c6 28. c4 Qd6 29. cxd5 c5 30. Qc3 Re2 31. Kg2 f4 32. Kf1 Rfe8 33. Ng4 Re1+
34. Qxe1 1/2-1/2